Manažérsky nástroj: procesný controlling a jeho uplatnenie v praxi

Vytvorenie systému podnikových procesov musí smerovať k vytváraniu orientácii na zabezpečovanie výkonnosti a efektívnosti podnikových procesov. Manažérske nástroje prinášajúce hodnotu pre podnik a jeho riadenie.

Salvato in:
Dettagli Bibliografici
Autore principale: Teplická, Katarína
Natura: Capitolo di libro
Lingua:slovacco
Soggetti:
Tags: Aggiungi Tag
Nessun Tag, puoi essere il primo ad aggiungerne!!

MARC

LEADER 00000naa a2200000 4500
001 0167657
005 20231116122037.8
041 0 |a slo 
044 |a SK 
245 1 0 |a Manažérsky nástroj: procesný controlling a jeho uplatnenie v praxi  |c Katarína Teplická 
520 |a Vytvorenie systému podnikových procesov musí smerovať k vytváraniu orientácii na zabezpečovanie výkonnosti a efektívnosti podnikových procesov. Manažérske nástroje prinášajúce hodnotu pre podnik a jeho riadenie. 
610 2 0 |a manažment 
610 2 0 |a manažéri 
610 2 0 |a nástroje riadenia 
610 2 0 |a riadenie podnikové 
610 2 0 |a rozhodovanie manažérske 
610 2 0 |a procesy podnikové 
100 1 |a Teplická, Katarína